000 00651nam a2200253Ia 4500
003 OSt
005 20220918163342.0
006 a|||||r|||| 00| 0
007 ta
008 220917b |||||||| |||| 00| 0 eng d
020 _a0 586 04896 0
024 _a29,832
037 _cTextual
040 _aARTS
_cARTS
_beng
041 _2eng
_aeng
082 _aO111,3N133,2, M2
100 _aWilson Angus
_912772
245 0 _aBit off the map
260 _aLondon
_bGranada UK
_c1982
300 _a173p.
_ccm.
650 _aENGLISH LITERATURE
942 _hO111,3N133,2, M2
_cTEXL
_2CC
999 _c119194
_d119194